000 00580nam a2200217 a 4500
999 _c6667
_d6667
001 6667
003 BD-JhCC
005 20180128093103.0
008 180128s1966 e |||| || | 000 0 eng d
035 _a(BD-JhCC)6667
040 _aBD-JhCC
_dBD-JhCC
041 _aeng
082 _a821.6
_bGRA 1966
245 _aGray and Collins Poetical Works /
_cAustin Lane Poole (Edited)
260 _aLondon :
_bOxford University Press,
_c1966
300 _a328 p. :
_c20 cm.
650 _aEnglish Poetry
700 _aPoole, Austin Lane (Edited)
942 _2ddc
_cBK